The chivalric world of Don Quijote : style, structure, and narrative technique /

Bibliographic Details
Main Author: Mancing, Howard, 1941-
Format: Book
Language:English
Published: Columbia : University of Missouri Press, 1982.
Subjects:

MARC

Tag First Indicator Second Indicator Subfields
LEADER 00000pam a2200000 a 4500
001 in00000089106
005 20240603171152.7
008 810522s1982 moua b s001 0 eng
010 |a  81010475  
020 |a 0826203507 
035 |a (OCoLC)07573026 
035 |9 AAK5698AM 
039 0 |a 2  |b 3  |c 3  |d 3  |e 3 
040 |a DLC  |c DLC  |d TXA  |d UtOrBLW 
049 |a TXAM  |c [1561344] 
050 0 0 |a PQ6358.C54  |b M3 
082 0 |a 863/.3  |2 19 
100 1 |a Mancing, Howard,  |d 1941- 
245 1 4 |a The chivalric world of Don Quijote :  |b style, structure, and narrative technique /  |c Howard Mancing. 
264 1 |a Columbia :  |b University of Missouri Press,  |c 1982. 
300 |a xii, 240 pages :  |b illustrations ;  |c 22 cm. 
336 |a text  |b txt  |2 rdacontent 
337 |a unmediated  |b n  |2 rdamedia 
338 |a volume  |b nc  |2 rdacarrier 
500 |a Includes index. 
504 |a Bibliography: pages 226-234. 
580 |a Forms part of The Eduardo Urbina Cervantes Project Collection. 
600 1 0 |a Cervantes Saavedra, Miguel de,  |d 1547-1616.  |t Don Quixote. 
600 1 0 |a Cervantes Saavedra, Miguel de,  |d 1547-1616  |x Knowledge  |x Manners and customs. 
650 0 |a Chivalry in literature. 
999 |a MARS 
999 f f |s c1293c41-488e-3a24-be61-85d52fe5c36e  |i 8e764b12-38c1-3e2f-abdd-967abd2e7bf6  |t 0 
952 f f |p normal  |a Texas A&M University  |b College Station  |c Sterling C. Evans Library  |d Evans: Library Stacks  |t 0  |e PQ6358.C54 M3  |h Library of Congress classification  |i unmediated -- volume  |m A14806181495 
952 f f |p noncirc  |a Texas A&M University  |b College Station  |c Cushing Memorial Library & Archives  |d Cushing: Rare Books (Does not check out)  |t 0  |e PQ6358.C54 M3 1982  |h Library of Congress classification  |i unmediated -- volume  |m A14853262042 
998 f f |a PQ6358.C54 M3 1982  |t 0  |l Cushing: Rare Books (Does not check out) 
998 f f |a PQ6358.C54 M3  |t 0  |l Evans: Library Stacks